Inglés para españoles / (Registro nro. 122106)

Detalles MARC
000 -LEADER
campo de control de longitud fija 00550nam a2200181 4500
001 - NÚMERO DE CONTROL
campo de control 122106
003 - IDENTIFICADOR DE NÚMERO DE CONTROL
campo de control ES-MaACL
007 - CAMPO FIJO DE DESCRIPCIÓN FÍSICA--INFORMACIÓN GENERAL
campo de control de longitud fija t|
008 - DATOS DE LONGITUD FIJA--INFORMACIÓN GENERAL
campo de control de longitud fija 070214s1961 sp r ||||1| spa d
100 1# - ENTRADA PRINCIPAL--NOMBRE DE PERSONA
Nombre de persona Potter, Basil.
9 (RLIN) 93392
245 10 - MENCIÓN DEL TÍTULO
Título Inglés para españoles /
Mención de responsabilidad, etc. Basil Potter.
260 ## - PUBLICACIÓN, DISTRIBUCIÓN, ETC.
Lugar de publicación, distribución, etc. Barcelona :
Nombre del editor, distribuidor, etc. Juventud,
Fecha de publicación, distribución, etc. 1961.
300 ## - DESCRIPCIÓN FÍSICA
Extensión 2 v. :
Otras características físicas il. ;
Dimensiones 23 cm.
505 8# - NOTA DE CONTENIDO CON FORMATO
Nota de contenido con formato Contiene: Vol. I. Curso elemental. Vol. II. Curso medio.
700 1# - ENTRADA AGREGADA--NOMBRE PERSONAL
Nombre de persona Starkie, Walter,
Fechas asociadas al nombre 1894-1976
9 (RLIN) 107933
852 ## - LOCALIZACIÓN
Ubicación ES-MaACL
Número de control de estantería E-4764-5
Sublocalización o colección R.48771
Existencias
Estatus retirado Estado de pérdida Estado de daño No para préstamo Biblioteca de origen Biblioteca actual Ubicación en estantería Fecha de adquisición Fuente de adquisición Total de préstamos Signatura topográfica completa Código de barras Visto por última vez Precio de reemplazo Tipo de ítem Koha
        Biblioteca del Ateneo de Madrid Biblioteca del Ateneo de Madrid Depósito 2 17/01/2008     E-4764-5 1127248 23/02/2023 23/02/2023 Libro impreso